000 00256nam a22001217a 4500
008 170418b xxu||||| |||| 00| 0 eng d
041 _aeng
080 _a879
100 _a11
101 _aSHM
245 _aMEDICAL MYCOLOGY
_cKERN.M.E
942 _2udc
_cBK
999 _c11018
_d11018